[Event "Veyangoda Queenstar op"]
[Site "Veyangoda"]
[Date "2023.04.19"]
[Round "7"]
[White "Uyanwaththa, WMSB"]
[Black "Samaranayake, KPRN"]
[Result "0-1"]
[WhiteElo "1324"]
[BlackElo "1916"]
[PlyCount "60"]
[EventDate "2023.04.16"]
[EventType "swiss"]
[EventRounds "9"]
[EventCountry "SRI"]
[SourceTitle "EXT 2024"]
[Source "ChessBase"]
[SourceDate "2023.10.10"]
[SourceVersion "1"]
[SourceVersionDate "2023.10.10"]
[SourceQuality "1"]

1. b3 d5 2. e3 c5 3. Bb2 Nc6 4. Nf3 Nf6 5. c4 d4 6. exd4 cxd4 7. d3 e5 8. Nbd2 Be7 9. Be2 0-0 10. 0-0 Nd7 11. Re1 a5 12. a3 Qc7 13. Rc1 Nc5 14. Bf1 Bf5 15. Ne4 Bxe4 16. dxe4 Qb6 17. Nd2 Bg5 18. Rb1 Bxd2 19. Qxd2 Nxb3 20. Qd1 a4 21. Bd3 Qc5 22. Bc1 Nca5 23. Qg4 Nxc1 24. Rexc1 Qxa3 25. Qg3 Nb3 26. Bc2 Qxc1+ 27. Rxc1 Nxc1 28. Qxe5 a3 29. Qh5 a2 30. e5 g6 0-1

[Event "SRI-ch"]
[Site "Colombo"]
[Date "2023.04.02"]
[Round "10"]
[White "Weerasekara, Dishal Nimsara"]
[Black "Samaranayake, KPRN"]
[Result "1-0"]
[WhiteElo "1652"]
[BlackElo "1916"]
[PlyCount "73"]
[EventDate "2023.03.25"]
[EventType "tourn"]
[EventRounds "13"]
[EventCountry "SRI"]
[SourceTitle "CBM 213 Extra"]
[Source "ChessBase"]
[SourceDate "2023.05.31"]
[SourceVersion "1"]
[SourceVersionDate "2023.05.31"]
[SourceQuality "1"]

1. Nf3 Nf6 2. d4 g6 3. c4 Bg7 4. Nc3 d5 5. cxd5 Nxd5 6. e4 Nxc3 7. bxc3 c5 8. Be2 0-0 9. 0-0 Nc6 10. Be3 Qc7 11. d5 Na5 12. Nd2 b6 13. Rc1 f5 14. f4 e5 15. Nc4 Nxc4 16. Bxc4 Qd6 17. exf5 Bxf5 18. Qf3 Bd7 19. Bd3 Rae8 20. Bd2 Bh6 21. g3 exf4 22. Bxf4 Bxf4 23. gxf4 Bf5 24. Bb5 Re7 25. Rce1 Ref7 26. c4 h5 27. Re5 Bd7 28. Qe4 Bh3 29. Rf3 Bg4 30. Rf2 Bf5 31. Qe3 Kh7 32. Be8 Rg7 33. Rg2 Qf6 34. Qg3 Re7 35. Rxe7+ Qxe7 36. Bxg6+ Kh8 37. Bxf5 1-0

[Event "SRI-ch"]
[Site "Colombo"]
[Date "2023.04.01"]
[Round "9"]
[White "Dabarera, GWDM"]
[Black "Samaranayake, KPRN"]
[Result "1/2-1/2"]
[WhiteElo "1956"]
[BlackElo "1916"]
[PlyCount "86"]
[EventDate "2023.03.25"]
[EventType "tourn"]
[EventRounds "13"]
[EventCountry "SRI"]
[SourceTitle "CBM 213 Extra"]
[Source "ChessBase"]
[SourceDate "2023.05.31"]
[SourceVersion "1"]
[SourceVersionDate "2023.05.31"]
[SourceQuality "1"]

1. e4 c5 2. c3 Nf6 3. e5 Nd5 4. Nf3 Nc6 5. d4 cxd4 6. Bc4 Nb6 7. Bb3 d6 8. cxd4 dxe5 9. d5 Na5 10. Nc3 Nxb3 11. Qxb3 e6 12. Bg5 Be7 13. dxe6 Bxe6 14. Qb5+ Qd7 15. Bxe7 Qxb5 16. Nxb5 Kxe7 17. Nxe5 Rac8 18. Nc3 f6 19. Nd3 Rhd8 20. Nf4 Bc4 21. Rd1 Kf7 22. h4 Rd7 23. Rxd7+ Nxd7 24. Kd2 Ne5 25. b3 Rd8+ 26. Kc2 Rd4 27. g3 Ba6 28. Rd1 Rxd1 29. Nxd1 g5 30. Ng2 Kg6 31. Nde3 Bd3+ 32. Kc3 Ba6 33. Kc2 Kf7 34. Nd1 Kg6 35. Kd2 Kh5 36. Nde3 Ng4 37. Ke1 Nxe3 38. fxe3 Kg4 39. Kf2 Bd3 40. Ne1 Be4 41. Ng2 Bd3 42. Ne1 Be4 43. Ng2 Kh5 1/2-1/2

[Event "SRI-ch"]
[Site "Colombo"]
[Date "2023.03.31"]
[Round "7"]
[White "Weerawardane, Romesh"]
[Black "Samaranayake, KPRN"]
[Result "0-1"]
[WhiteElo "1924"]
[BlackElo "1916"]
[PlyCount "58"]
[EventDate "2023.03.25"]
[EventType "tourn"]
[EventRounds "13"]
[EventCountry "SRI"]
[SourceTitle "CBM 213 Extra"]
[Source "ChessBase"]
[SourceDate "2023.05.31"]
[SourceVersion "1"]
[SourceVersionDate "2023.05.31"]
[SourceQuality "1"]

1. e4 c5 2. Nf3 d6 3. d4 cxd4 4. Nxd4 Nf6 5. Nc3 g6 6. Be3 Bg7 7. f3 0-0 8. Qd2 Nc6 9. Bc4 Bd7 10. 0-0-0 Rc8 11. Bb3 Ne5 12. Kb1 Re8 13. g4 b5 14. g5 b4 15. Nce2 Nh5 16. h3 a5 17. f4 Nc4 18. Bxc4 Rxc4 19. Qd3 Qc7 20. b3 Rc5 21. f5 a4 22. Rhe1 Rc8 23. Rd2 d5 24. Ne6 fxe6 25. Bxc5 Qxc5 26. fxg6 Bb5 27. gxh7+ Kh8 28. Qf3 Bxe2 29. Rdxe2 dxe4 0-1

[Event "SRI-ch"]
[Site "Colombo"]
[Date "2023.03.27"]
[Round "6"]
[White "Samaranayake, KPRN"]
[Black "Alahakoon, Isuru"]
[Result "0-1"]
[WhiteElo "1916"]
[BlackElo "1874"]
[PlyCount "53"]
[EventDate "2023.03.25"]
[EventType "tourn"]
[EventRounds "13"]
[EventCountry "SRI"]
[SourceTitle "CBM 213 Extra"]
[Source "ChessBase"]
[SourceDate "2023.05.31"]
[SourceVersion "1"]
[SourceVersionDate "2023.05.31"]
[SourceQuality "1"]

1. d4 e6 2. c4 b6 3. Nf3 Bb7 4. a3 f5 5. d5 exd5 6. cxd5 Nf6 7. Nc3 Bc5 8. b4 Bd6 9. g3 a5 10. b5 Ne4 11. Bb2 Bc5 12. e3 Qe7 13. Qd3 0-0 14. Bg2 c6 15. 0-0 cxb5 16. Nxb5 Ba6 17. a4 d6 18. Nh4 Bc8 19. Nd4 Bxd4 20. Qxd4 Na6 21. Rad1 Nac5 22. f3 Nb3 23. Qxg7+ Qxg7 24. Bxg7 Kxg7 25. fxe4 fxe4 26. Rf2 Rf7 27. Rxf7+ 0-1

[Event "SRI-chB"]
[Site "Colombo"]
[Date "2023.03.11"]
[Round "9"]
[White "Samaranayake, KPRN"]
[Black "Weerasekara, Dishal Nimsara"]
[Result "1/2-1/2"]
[WhiteElo "1916"]
[BlackElo "1652"]
[PlyCount "75"]
[EventDate "2023.03.04"]
[EventType "swiss"]
[EventRounds "11"]
[EventCountry "SRI"]
[SourceTitle "CBM 213 Extra"]
[Source "ChessBase"]
[SourceDate "2023.05.31"]
[SourceVersion "1"]
[SourceVersionDate "2023.05.31"]
[SourceQuality "1"]

1. d4 Nf6 2. Bg5 Ne4 3. h4 d5 4. Nd2 Nxg5 5. hxg5 Bf5 6. e3 e6 7. g4 Bg6 8. f4 c5 9. c3 cxd4 10. cxd4 Qb6 11. Qa4+ Nc6 12. Bb5 a6 13. Bxc6+ Qxc6 14. Qxc6+ bxc6 15. Rc1 Rb8 16. Nb3 Bb4+ 17. Ke2 Rb6 18. Nf3 f6 19. gxf6 gxf6 20. g5 fxg5 21. Nxg5 Bf5 22. Rh2 a5 23. Kf3 h5 24. Nc5 Bg4+ 25. Kg3 Ke7 26. Nd3 Bd6 27. Ne5 Bxe5 28. fxe5 a4 29. Rc5 Rhb8 30. Ra5 Rxb2 31. Rxb2 Rxb2 32. Rxa4 Re2 33. Ra7+ Ke8 34. Kf4 Rf2+ 35. Kg3 Re2 36. Kf4 Rf2+ 37. Kg3 Re2 38. Kf4 1/2-1/2

[Event "SRI-chB"]
[Site "Colombo"]
[Date "2023.03.05"]
[Round "3"]
[White "Abewardhana, AABDP"]
[Black "Samaranayake, KPRN"]
[Result "0-1"]
[WhiteElo "1634"]
[BlackElo "1916"]
[PlyCount "54"]
[EventDate "2023.03.04"]
[EventType "swiss"]
[EventRounds "11"]
[EventCountry "SRI"]
[SourceTitle "CBM 213 Extra"]
[Source "ChessBase"]
[SourceDate "2023.05.31"]
[SourceVersion "1"]
[SourceVersionDate "2023.05.31"]
[SourceQuality "1"]

1. e4 c5 2. Nf3 Nc6 3. d4 cxd4 4. Nxd4 Nf6 5. Nc3 e5 6. Nxc6 bxc6 7. Bc4 Bb4 8. Bg5 h6 9. Bxf6 Qxf6 10. Qd3 0-0 11. 0-0 Rd8 12. Ne2 Bc5 13. Kh1 Bb7 14. Nc3 Bd4 15. f3 a5 16. Nd1 d5 17. exd5 cxd5 18. Bb5 a4 19. c3 Bc5 20. Qc2 Qf4 21. Nf2 e4 22. Nh3 Qe5 23. f4 Qh5 24. Bxa4 e3 25. Rae1 d4 26. Kg1 d3 27. Qb3 e2+ 0-1

[Event "SRI-chB"]
[Site "Colombo"]
[Date "2023.03.05"]
[Round "4"]
[White "Samaranayake, KPRN"]
[Black "De Silva, Osheen"]
[Result "1-0"]
[WhiteElo "1916"]
[BlackElo "1712"]
[PlyCount "61"]
[EventDate "2023.03.04"]
[EventType "swiss"]
[EventRounds "11"]
[EventCountry "SRI"]
[SourceTitle "CBM 213 Extra"]
[Source "ChessBase"]
[SourceDate "2023.05.31"]
[SourceVersion "1"]
[SourceVersionDate "2023.05.31"]
[SourceQuality "1"]

1. d4 d5 2. c4 c6 3. Nc3 Nf6 4. Bg5 e6 5. cxd5 exd5 6. e3 Nbd7 7. Qc2 Be7 8. Bd3 h6 9. Bh4 0-0 10. Nge2 Re8 11. 0-0 Ne4 12. Bxe7 Qxe7 13. Bxe4 dxe4 14. Ng3 Nf6 15. h3 b6 16. f3 exf3 17. Rxf3 Nd5 18. e4 Nxc3 19. bxc3 b5 20. Qf2 Be6 21. Nh5 Kh7 22. Rg3 Rg8 23. Qf4 Kh8 24. e5 g5 25. Qe3 f5 26. exf6 Qf7 27. Ng7 Bxa2 28. Rf1 Bc4 29. Rf2 Raf8 30. h4 Kh7 31. hxg5 1-0

[Event "SRI-ch"]
[Site "Colombo"]
[Date "2020.09.20"]
[Round "10"]
[White "Samaranayake, KPRN"]
[Black "Sivathanujan, S."]
[Result "1-0"]
[WhiteElo "1945"]
[BlackElo "1752"]
[PlyCount "105"]
[EventDate "2020.09.11"]
[EventType "tourn"]
[EventRounds "13"]
[EventCountry "SRI"]
[SourceTitle "CBM 198 Extra"]
[Source "ChessBase"]
[SourceDate "2020.11.30"]
[SourceVersion "1"]
[SourceVersionDate "2020.11.30"]
[SourceQuality "1"]

1. e4 c5 2. Nf3 e6 3. d4 cxd4 4. Nxd4 a6 5. c4 Nf6 6. Nc3 Qc7 7. a3 b6 8. Be2 Bb7 9. f3 d6 10. Be3 Nbd7 11. 0-0 h5 12. Rc1 Rc8 13. Qe1 Be7 14. Qf2 Qb8 15. Rfd1 Bd8 16. b4 Bc7 17. g3 Rg8 18. Na4 Ke7 19. Nb3 Bc6 20. Nc3 g5 21. b5 Ba8 22. bxa6 g4 23. fxg4 Nxg4 24. Bxg4 Rxg4 25. Rf1 Rf8 26. a7 Qxa7 27. Bh6 Qb8 28. Nb5 f6 29. Bxf8+ Kxf8 30. N3d4 Kf7 31. Rcd1 Bd8 32. Nxe6 Be7 33. Nf4 Bxe4 34. Rfe1 Ba8 35. Nd5 Ne5 36. Qf5 Qg8 37. Nbc7 Bxd5 38. cxd5 h4 39. Rxe5 dxe5 40. d6 Qg5 41. Qh7+ Qg7 42. dxe7 Kxe7 43. Qf5 Rd4 44. Qe6+ Kd8 45. Rxd4+ exd4 46. Qd6+ Kc8 47. Ne6 Qh7 48. Qc6+ Kb8 49. Qxb6+ Kc8 50. Nxd4 Qd3 51. Qc5+ Kd8 52. Ne6+ Kd7 53. Qd4+ 1-0

[Event "SRI-ch"]
[Site "Colombo"]
[Date "2020.09.19"]
[Round "8"]
[White "Liyanage, Ranindu Dilshan"]
[Black "Samaranayake, KPRN"]
[Result "1-0"]
[WhiteElo "2133"]
[BlackElo "1945"]
[PlyCount "65"]
[EventDate "2020.09.11"]
[EventType "tourn"]
[EventRounds "13"]
[EventCountry "SRI"]
[SourceTitle "CBM 198 Extra"]
[Source "ChessBase"]
[SourceDate "2020.11.30"]
[SourceVersion "1"]
[SourceVersionDate "2020.11.30"]
[SourceQuality "1"]

1. e4 c5 2. Nf3 d6 3. d4 cxd4 4. Nxd4 Nf6 5. Nc3 a6 6. Be3 e6 7. f3 Qc7 8. Qd2 b5 9. g4 Bb7 10. a3 Nc6 11. g5 Nd7 12. Nxc6 Bxc6 13. Be2 Be7 14. h4 Qb7 15. h5 0-0-0 16. a4 b4 17. Nb5 axb5 18. axb5 Bxb5 19. Ra7 Qc6 20. Qxb4 Bxe2 21. Kxe2 d5 22. Qxe7 dxe4 23. fxe4 Qxe4 24. Qd6 Qg2+ 25. Bf2 Qe4+ 26. Kd2 Qd5+ 27. Qxd5 exd5 28. Bg3 Rde8 29. Rha1 Nb6 30. Rc7+ Kd8 31. Rb7 Nc8 32. Ra8 Rhf8 33. Rc7 1-0

[Event "SRI-ch"]
[Site "Colombo"]
[Date "2020.09.19"]
[Round "9"]
[White "Samaranayake, KPRN"]
[Black "Weerawardane, Romesh"]
[Result "0-1"]
[WhiteElo "1945"]
[BlackElo "1995"]
[PlyCount "64"]
[EventDate "2020.09.11"]
[EventType "tourn"]
[EventRounds "13"]
[EventCountry "SRI"]
[SourceTitle "CBM 198 Extra"]
[Source "ChessBase"]
[SourceDate "2020.11.30"]
[SourceVersion "1"]
[SourceVersionDate "2020.11.30"]
[SourceQuality "1"]

1. d4 Nf6 2. c4 e6 3. Nc3 d5 4. cxd5 exd5 5. Bg5 Be7 6. e3 c6 7. Qc2 Nbd7 8. Bd3 Nh5 9. Bxe7 Qxe7 10. Nge2 g6 11. 0-0-0 Nb6 12. Kb1 Ng7 13. Ng3 Be6 14. Ka1 0-0-0 15. Na4 Nxa4 16. Qxa4 Kb8 17. Rc1 Rc8 18. Rc5 Rc7 19. Rhc1 Rhc8 20. R1c3 Bd7 21. Ra3 b6 22. Rb3 Ne6 23. Ra5 Rb7 24. Ra6 c5 25. Qa3 Bc6 26. dxc5 Nxc5 27. Rc3 Nxd3 28. Rxd3 Bb5 29. Rd1 Rbc7 30. b3 Qf6+ 31. Kb1 Qxf2 32. Ra5 Rb7 0-1

[Event "SRI-ch"]
[Site "Colombo"]
[Date "2020.09.14"]
[Round "7"]
[White "Samaranayake, KPRN"]
[Black "Randil, Lakshita"]
[Result "1/2-1/2"]
[WhiteElo "1945"]
[BlackElo "1927"]
[PlyCount "61"]
[EventDate "2020.09.11"]
[EventType "tourn"]
[EventRounds "13"]
[EventCountry "SRI"]
[SourceTitle "CBM 198 Extra"]
[Source "ChessBase"]
[SourceDate "2020.11.30"]
[SourceVersion "1"]
[SourceVersionDate "2020.11.30"]
[SourceQuality "1"]

1. d4 d5 2. c4 c6 3. Nc3 Nf6 4. Nf3 a6 5. a4 e6 6. e3 c5 7. Bd3 Nc6 8. 0-0 Bd6 9. Qe2 dxc4 10. Bxc4 Qc7 11. h3 0-0 12. Rd1 h6 13. dxc5 Bxc5 14. e4 e5 15. Be3 Bxe3 16. fxe3 Qa5 17. Nh4 Rd8 18. Rf1 Rd6 19. Nd5 Qd8 20. Nxf6+ Rxf6 21. Qh5 Be6 22. Rxf6 Qxf6 23. Rf1 Qe7 24. Nf5 Bxf5 25. Rxf5 Rf8 26. Qg6 Qc7 27. Rf3 Nd8 28. Rg3 Ne6 29. Bxe6 fxe6 30. Qxe6+ Kh8 31. Kh2 1/2-1/2

[Event "Negambo op 4th"]
[Site "Negambo"]
[Date "2018.08.17"]
[Round "3"]
[White "Moremada, Himeth"]
[Black "Samaranayake, KPRN"]
[Result "0-1"]
[WhiteElo "1194"]
[BlackElo "1926"]
[PlyCount "48"]
[EventDate "2018.08.16"]
[EventType "swiss"]
[EventRounds "10"]
[EventCountry "SRI"]
[SourceTitle "CBM 186 Extra"]
[Source "ChessBase"]
[SourceDate "2018.08.24"]
[SourceVersion "1"]
[SourceVersionDate "2018.08.24"]
[SourceQuality "1"]

1. Nf3 Nf6 2. d4 c5 3. e3 d5 4. c4 Nc6 5. Nc3 cxd4 6. exd4 g6 7. h3 Bg7 8. Be3 0-0 9. cxd5 Nb4 10. a3 Nbxd5 11. Bd3 b6 12. 0-0 Bb7 13. Qd2 Nxc3 14. bxc3 Bxf3 15. gxf3 Qd7 16. Kg2 Rfd8 17. Bf4 Nh5 18. Rfe1 Rac8 19. Be3 Qc6 20. Rac1 e5 21. Qe2 Qd6 22. Ba6 exd4 23. cxd4 Rxc1 24. Bxc1 Bxd4 0-1

[Event "SRI-chB"]
[Site "Colombo"]
[Date "2018.03.04"]
[Round "7"]
[White "Jayawardana, Lasal"]
[Black "Samaranayake, KPRN"]
[Result "1-0"]
[WhiteElo "1792"]
[BlackElo "1885"]
[PlyCount "55"]
[EventDate "2018.03.01"]
[EventType "swiss"]
[EventRounds "10"]
[EventCountry "SRI"]
[SourceTitle "EXT 2019"]
[Source "ChessBase"]
[SourceDate "2018.10.10"]
[SourceVersion "1"]
[SourceVersionDate "2018.10.10"]
[SourceQuality "1"]

1. e4 c5 2. Nf3 Nc6 3. d4 cxd4 4. Nxd4 Nf6 5. Nc3 g6 6. Nxc6 bxc6 7. e5 Ng8 8. Bc4 Bg7 9. Qf3 e6 10. Qe2 d5 11. exd6 Qxd6 12. 0-0 Ne7 13. Rd1 Qc7 14. Be3 0-0 15. Bc5 Re8 16. Ne4 Nd5 17. c3 Rd8 18. g3 h6 19. f4 Kh7 20. Bd4 a5 21. Qf2 Rf8 22. Rd2 Ba6 23. Bxa6 Rxa6 24. c4 Ne7 25. Bxg7 Kxg7 26. Qd4+ f6 27. Nc5 Nf5 28. Nxe6+ 1-0

[Event "SRI-chB"]
[Site "Colombo"]
[Date "2018.03.03"]
[Round "5"]
[White "Dabarera, GWDM"]
[Black "Samaranayake, KPRN"]
[Result "1/2-1/2"]
[WhiteElo "1647"]
[BlackElo "1885"]
[PlyCount "80"]
[EventDate "2018.03.01"]
[EventType "swiss"]
[EventRounds "10"]
[EventCountry "SRI"]
[SourceTitle "EXT 2019"]
[Source "ChessBase"]
[SourceDate "2018.10.10"]
[SourceVersion "1"]
[SourceVersionDate "2018.10.10"]
[SourceQuality "1"]

1. e4 c5 2. Nf3 d6 3. d4 cxd4 4. Nxd4 Nf6 5. Nc3 a6 6. Rg1 e6 7. g4 Qc7 8. g5 Nfd7 9. f4 b5 10. f5 Ne5 11. Bh3 Nbc6 12. Nxc6 Qxc6 13. Qe2 b4 14. Nd1 Be7 15. Rf1 a5 16. Nf2 exf5 17. exf5 Nf3+ 18. Kd1 Nd4 19. Qd3 Ba6 20. c4 Qxc4 21. Qxc4 Bxc4 22. Re1 Nf3 23. Re3 Ne5 24. Ne4 f6 25. Bg2 Rc8 26. gxf6 gxf6 27. Rg3 Rg8 28. Bf4 Rxg3 29. hxg3 Bf7 30. b3 d5 31. Nf2 Rc3 32. Kd2 Bc5 33. Nd1 Nf3+ 34. Ke2 Nd4+ 35. Kf1 Rc2 36. Ne3 Rd2 37. Nxd5 Bxd5 38. Bxd5 Nxf5 39. Be4 Ne3+ 40. Bxe3 Bxe3 1/2-1/2

[Event "SRI-ch"]
[Site "Colombo"]
[Date "2017.08.15"]
[Round "9"]
[White "Samaranayake, KPRN"]
[Black "Peiris, TSS"]
[Result "1/2-1/2"]
[WhiteElo "1880"]
[BlackElo "1972"]
[PlyCount "70"]
[EventDate "2017.08.10"]
[EventType "tourn"]
[EventRounds "13"]
[EventCountry "SRI"]
[SourceTitle "CBM 180 Extra"]
[Source "ChessBase"]
[SourceDate "2017.10.06"]
[SourceVersion "1"]
[SourceVersionDate "2017.10.06"]
[SourceQuality "1"]

1. d4 d5 2. c4 e5 3. dxe5 d4 4. Nf3 Nc6 5. g3 Nge7 6. Bg2 Ng6 7. Bg5 Qd7 8. 0-0 Ngxe5 9. Nxe5 Nxe5 10. Qc2 Be7 11. Bxe7 Qxe7 12. c5 0-0 13. Rd1 Rd8 14. Nd2 Bg4 15. Re1 Bxe2 16. Rxe2 d3 17. Rxe5 Qxe5 18. Qc3 Qxc3 19. bxc3 Rab8 20. Re1 Rf8 21. Re3 b6 22. c6 b5 23. Bh3 Rb6 24. Bd7 Ra6 25. Nf1 d2 26. Nxd2 Rxa2 27. Nb3 g6 28. Re5 Rb8 29. Nc5 b4 30. cxb4 Rxb4 31. Re8+ Kg7 32. Nd3 Rd4 33. Nf4 g5 34. Ne2 Rdd2 35. Bg4 Rac2 1/2-1/2

[Event "SRI-ch"]
[Site "Colombo"]
[Date "2017.08.14"]
[Round "8"]
[White "Thiyasara, KT Thisen"]
[Black "Samaranayake, KPRN"]
[Result "1-0"]
[WhiteElo "1857"]
[BlackElo "1880"]
[PlyCount "37"]
[EventDate "2017.08.10"]
[EventType "tourn"]
[EventRounds "13"]
[EventCountry "SRI"]
[SourceTitle "CBM 180 Extra"]
[Source "ChessBase"]
[SourceDate "2017.10.06"]
[SourceVersion "1"]
[SourceVersionDate "2017.10.06"]
[SourceQuality "1"]

1. d4 Nf6 2. c4 g6 3. Nc3 Bg7 4. e4 d6 5. f3 0-0 6. Bg5 a6 7. Qd2 Nc6 8. Nge2 Rb8 9. Rc1 e5 10. d5 Nd4 11. Nxd4 exd4 12. Ne2 h6 13. Bh4 Nxe4 14. Bxd8 Nxd2 15. Bxc7 Nxf1 16. Kxf1 Bf5 17. Bxb8 Rxb8 18. g4 Bd3 19. Kf2 1-0

[Event "SRI-ch"]
[Site "Colombo"]
[Date "2017.08.13"]
[Round "6"]
[White "Doluweera, Minul Sanjula"]
[Black "Samaranayake, KPRN"]
[Result "1-0"]
[WhiteElo "2108"]
[BlackElo "1880"]
[PlyCount "55"]
[EventDate "2017.08.10"]
[EventType "tourn"]
[EventRounds "13"]
[EventCountry "SRI"]
[SourceTitle "CBM 180 Extra"]
[Source "ChessBase"]
[SourceDate "2017.10.06"]
[SourceVersion "1"]
[SourceVersionDate "2017.10.06"]
[SourceQuality "1"]

1. d4 Nf6 2. Bg5 Ne4 3. Bf4 c5 4. f3 Nf6 5. dxc5 Nc6 6. e4 Qa5+ 7. Nc3 e5 8. Be3 Bxc5 9. Bxc5 Qxc5 10. Qd2 Nd4 11. 0-0-0 d5 12. exd5 Nxd5 13. Ne4 Qc6 14. Qxd4 exd4 15. Bb5 Bd7 16. Bxc6 Bxc6 17. Ne2 Ne3 18. Rxd4 0-0 19. Nf4 Rac8 20. Nd6 Rcd8 21. c3 Rd7 22. Re1 g5 23. Nh5 Nd5 24. Rxd5 Bxd5 25. Nf6+ Kg7 26. Nxd7 Rd8 27. Nf5+ Kg6 28. Ne7+ 1-0

[Event "SRI-ch"]
[Site "Colombo"]
[Date "2017.08.11"]
[Round "3"]
[White "Samaranayake, KPRN"]
[Black "Weerawardane, Romesh"]
[Result "1-0"]
[WhiteElo "1880"]
[BlackElo "2134"]
[PlyCount "70"]
[EventDate "2017.08.10"]
[EventType "tourn"]
[EventRounds "13"]
[EventCountry "SRI"]
[SourceTitle "CBM 180 Extra"]
[Source "ChessBase"]
[SourceDate "2017.10.06"]
[SourceVersion "1"]
[SourceVersionDate "2017.10.06"]
[SourceQuality "1"]

1. d4 Nf6 2. c4 e6 3. Nc3 Bb4 4. f3 c5 5. a3 Ba5 6. e3 Nc6 7. d5 Ne5 8. f4 Ng6 9. dxe6 fxe6 10. Bd3 0-0 11. Nf3 d5 12. 0-0 a6 13. Qc2 Ne7 14. b3 Bc7 15. Ne5 Qe8 16. Rf3 b6 17. Bb2 Bb7 18. Rh3 h6 19. Rf1 Bxe5 20. fxe5 Nd7 21. cxd5 Rxf1+ 22. Bxf1 Nxd5 23. Ne4 Qe7 24. Nd6 Bc6 25. Qg6 Nf8 26. Qg4 Nh7 27. Rxh6 Nxe3 28. Qxe6+ Qxe6 29. Rxe6 Nxf1 30. Kxf1 Rf8+ 31. Kg1 Rf4 32. Nc4 Bd5 33. Rxb6 Ng5 34. Bc1 Rg4 35. Ne3 Rd4 1-0

[Event "SRI-chB"]
[Site "Narahenpita"]
[Date "2017.05.13"]
[Round "3"]
[White "Thiyasara, KT Thisen"]
[Black "Samaranayake, KPRN"]
[Result "1/2-1/2"]
[WhiteElo "1835"]
[BlackElo "1873"]
[PlyCount "24"]
[EventDate "2017.05.12"]
[EventType "swiss"]
[EventRounds "10"]
[EventCountry "SRI"]
[SourceTitle "CBM 178 Extra"]
[Source "ChessBase"]
[SourceDate "2017.06.22"]
[SourceVersion "1"]
[SourceVersionDate "2017.06.22"]
[SourceQuality "1"]

1. d4 Nf6 2. c4 g6 3. Nc3 Bg7 4. e4 d6 5. Nf3 0-0 6. Bg5 a6 7. Qd2 Nc6 8. Ne2 Rb8 9. Rc1 Bd7 10. b3 b5 11. d5 Na7 12. c5 b4 1/2-1/2

[Event "SRI-chB"]
[Site "Malabe"]
[Date "2015.06.21"]
[Round "6"]
[White "Weerakoon, RKB"]
[Black "Samaranayake, KPRN"]
[Result "0-1"]
[WhiteElo "1535"]
[BlackElo "1806"]
[PlyCount "64"]
[EventDate "2015.06.19"]
[EventType "swiss"]
[EventRounds "10"]
[EventCountry "SRI"]
[SourceTitle "CBM 167 Extra"]
[Source "ChessBase"]
[SourceDate "2015.09.14"]
[SourceVersion "1"]
[SourceVersionDate "2015.09.14"]
[SourceQuality "1"]

1. e4 c5 2. Nf3 e6 3. d4 cxd4 4. Nxd4 a6 5. Nc3 Qc7 6. Be2 Bb4 7. Bd2 Nf6 8. Bd3 0-0 9. 0-0 Be7 10. Re1 d6 11. Nf3 Nc6 12. Qe2 b5 13. h3 Ne5 14. Nxe5 dxe5 15. Nd1 Bb7 16. f3 Nh5 17. Ne3 Nf4 18. Qf1 Rad8 19. Red1 Bc5 20. Kh1 Qb6 21. Ng4 Nh5 22. Be1 Qc7 23. c3 f5 24. Nh2 fxe4 25. Bxe4 Bxe4 26. Rxd8 Qxd8 27. Qe2 Bd5 28. Qxe5 Rf5 29. Qe2 Bc4 30. Qc2 Re5 31. Rd1 Rxe1+ 32. Nf1 Ng3+ 0-1

[Event "Ambalangoda Dhamso op 5th"]
[Site "Ambalangoda"]
[Date "2015.05.31"]
[Round "6"]
[White "Samaranayake, KPRN"]
[Black "Jayaweera, Sayuni Gihansa"]
[Result "1-0"]
[WhiteElo "1806"]
[BlackElo "1502"]
[PlyCount "127"]
[EventDate "2015.05.29"]
[EventType "swiss"]
[EventRounds "9"]
[EventCountry "SRI"]
[SourceTitle "EXT 2016"]
[Source "ChessBase"]
[SourceDate "2015.10.08"]
[SourceVersion "1"]
[SourceVersionDate "2015.10.08"]
[SourceQuality "1"]

1. d4 Nf6 2. c4 c5 3. d5 b5 4. cxb5 a6 5. b6 Qxb6 6. Nc3 a5 7. e4 d6 8. Be2 g6 9. Nf3 Nbd7 10. h3 Bg7 11. 0-0 Ba6 12. Re1 0-0 13. Qc2 Rfc8 14. Bg5 c4 15. Bf1 h6 16. Bh4 Rab8 17. Rab1 Nc5 18. e5 Nd3 19. Bxd3 cxd3 20. Qd2 dxe5 21. Nxe5 Qb4 22. Bxf6 Bxf6 23. Nc6 Rxc6 24. dxc6 Kg7 25. Qd1 Qd6 26. Qa4 d2 27. Red1 Bxc3 28. bxc3 Rxb1 29. Rxb1 Kh7 30. Qd4 Qxc6 31. Qxd2 Bb7 32. f3 Ba6 33. Qd4 Bc4 34. Rb8 f6 35. Qd8 Qc5+ 36. Kh1 g5 37. Rc8 Qe3 38. Rxc4 Qe1+ 39. Kh2 Qe5+ 40. f4 gxf4 41. Qd4 Qb5 42. Qxf4 Qe8 43. Qf5+ Kg7 44. Rg4+ Kh8 45. Qg6 Qb8+ 46. Rg3 Qf8 47. c4 f5 48. c5 f4 49. Qg8+ Qxg8 50. Rxg8+ Kxg8 51. c6 e5 52. c7 Kf7 53. c8Q Kf6 54. Qd8+ Kf5 55. Qxa5 Ke4 56. Qe1+ Kd5 57. a4 e4 58. a5 e3 59. a6 Kd6 60. a7 Kc7 61. a8Q Kb6 62. Qc3 Kb5 63. Qb8+ Ka6 64. Qa3# 1-0